[Event "Ch World (juniors) (under 20) (final B)"]
[Site "masterchessopen.com - Jerusalem (Israel)"]
[Round "9"]
[White "Skalkotas Nikolaos (GRE)"]
[Black "Jensen Vagn (DEN)"]
[Result "1-0"]
[WhiteElo "2178"]
[BlackElo "2156"]

1.c4 f5 2.d4 Nf6 3.g3 g6 4.Bg2 Bg7 5.Nf3 O-O 6.O-O d6 7.Bg5 Ne4 8.Qc1 Nxg5
9.Nxg5 Bxd4 10.Bd5+ Kg7 11.Bxb7 {#r} 1-0

[Event "Olympiad"]
[Site "masterchessopen.com - Skopje (Macedonia)"]
[Round "3"]
[White "Kraidman Yair (ISR)"]
[Black "Roehrl Karl (AUT)"]
[Result "1-0"]
[WhiteElo "2455"]
[BlackElo "2268"]

1.d4 g6 2.c4 f5 3.Nf3 Nf6 4.g3 Bg7 5.Bg2 O-O 6.O-O d6 7.b3 Nc6 8.Bb2 e5 9.dxe5
Ng4 10.Nc3 Ngxe5 11.Nxe5 Nxe5 12.Qd2 Rb8 13.Rad1 b6 14.Nd5 a5 15.Rfe1 Be6
16.Nf4 Bf7 17.Bd5 Qf6 18.Kg2 Kh8 19.Nh3 Qd8 20.Ng5 Bxd5+ 21.cxd5 Bh6 22.h4
Bxg5 23.hxg5 Kg8 24.f4 Ng4 25.Qd4 Qe7 26.e4 {#r} 1-0

[Event "It (w)"]
[Site "masterchessopen.com - Bydgoszcz (Poland)"]
[Round "5"]
[White "Chis Emilia (ROM)"]
[Black "Van Der Giessen Ada Leona (NED)"]
[Result "0-1"]
[WhiteElo "2085"]
[BlackElo "1955"]

1.d4 f5 2.g3 Nf6 3.Bg2 g6 4.c4 Bg7 5.Nf3 d6 6.Qc2 O-O 7.b3 Nc6 8.Bb2 Bd7 9.a3
Qe8 10.d5 Nd8 11.Nc3 Nf7 12.e3 c5 13.Ne2 b5 14.O-O Rb8 15.Rab1 Bh6 16.Nh4 Qc8
17.f4 Qa6 18.Kh1 bxc4 19.bxc4 Ba4 20.Qc1 Bb3 21.Re1 Bxc4 22.Nc3 Bd3 23.Ra1 Qb7
{#R} 0-1

[Event "It (open)"]
[Site "masterchessopen.com - St. Ingbert (Germany)"]
[Round "1"]
[White "Perenyi Bela (HUN)"]
[Black "Mohrlock Dieter (GER)"]
[Result "0-1"]
[WhiteElo "2255"]
[BlackElo "2300"]

1.c4 f5 2.Nf3 Nf6 3.g3 g6 4.d4 Bg7 5.Bg2 O-O 6.Nc3 d6 7.Bf4 c6 8.O-O Nh5 9.Qd3
Qc7 10.Bd2 e5 11.e4 Na6 12.dxe5 dxe5 13.a3 Nc5 14.Qc2 f4 15.Ne2 Nxe4 16.Bb4
Re8 17.Nh4 Nd6 18.Rad1 Nf5 19.Nf3 e4 {#R} 0-1

[Event "It (open)"]
[Site "masterchessopen.com - Bargteheide (Germany)"]
[Round "1"]
[White "Krueger Erich (GER)"]
[Black "Koch Soeren (GER)"]
[Result "1-0"]
[WhiteElo "2153"]
[BlackElo "1966"]

1.g3 g6 2.d4 Bg7 3.c4 f5 4.Bg2 Nf6 5.Nf3 d6 6.O-O O-O 7.b3 c5 8.Bb2 Ne4 9.Qc1
cxd4 10.Nxd4 e5 11.Nb5 Qb6 12.a4 a5 13.N1c3 Nxc3 14.Bxc3 Be6 15.Rd1 Rd8 16.Qe3
Qxe3 17.fxe3 e4 18.Bxg7 Kxg7 19.Nc7 {#r} 1-0

[Event "It"]
[Site "masterchessopen.com - Rostock (Germany)"]
[Round "3"]
[White "Socha Czeslaw (POL)"]
[Black "Jaster Robert Dr (GER)"]
[Result "0-1"]
[WhiteElo "2235"]
[BlackElo "2326"]

1.d4 f5 2.g3 Nf6 3.Bg2 g6 4.c4 Bg7 5.Nf3 O-O 6.Nc3 d6 7.O-O Qe8 8.Re1 Qf7 9.d5
Ne4 10.Nd4 Nxc3 11.bxc3 Na6 12.Ne6 Bxc3 13.Bh6 Bxe6 14.dxe6 Qf6 15.Bxb7 Nc5
16.Bxa8 Rxa8 17.Rb1 Bxe1 18.Qd5 {#R} 0-1

[Event "It (open)"]
[Site "masterchessopen.com - St. Ingbert (Germany)"]
[Round "4"]
[White "Koopmann Rolf Dr (GER)"]
[Black "Gross Georg (GER)"]
[Result "0-1"]
[WhiteElo "2234"]
[BlackElo "2310"]

1.Nf3 f5 2.d4 Nf6 3.c4 g6 4.g3 Bg7 5.Bg2 O-O 6.O-O d6 7.Nc3 Qe8 8.Re1 e5 9.e4
Nc6 10.d5 Nd8 11.Ng5 h6 12.Nh3 fxe4 13.Qd2 g5 14.Nxe4 Nxe4 15.Rxe4 Qh5 16.g4
Bxg4 17.Re3 Bf3 {#R} 0-1

[Event "It (open)"]
[Site "masterchessopen.com - Bad Orb (Germany)"]
[Round "0"]
[White "Stickler Andreas (GER)"]
[Black "Gupta Milon (GER)"]
[Result "0-1"]
[WhiteElo "2260"]
[BlackElo "2270"]

1.d4 f5 2.Nf3 Nf6 3.g3 g6 4.Bg2 Bg7 5.c4 O-O 6.O-O d6 7.Nc3 Qe8 8.b3 h6 9.Ba3
g5 10.Qd3 Qh5 11.e3 c6 12.b4 a6 13.Bb2 Nbd7 14.d5 c5 15.a3 Ng4 16.Na4 Bxb2
17.Nxb2 Nde5 {#R} 0-1

[Event "Bundesliga 1988/89"]
[Site "masterchessopen.com - Germany"]
[Round "0"]
[White "Krings Christoph (GER)"]
[Black "Richter Wolfgang (GER)"]
[Result "0-1"]
[WhiteElo "2192"]
[BlackElo "2398"]

1.d4 f5 2.c4 Nf6 3.g3 g6 4.Bg2 Bg7 5.Nf3 O-O 6.O-O d6 7.Nc3 Qe8 8.d5 Na6 9.Nd4
Bd7 10.Rb1 c6 11.b4 Nxb4 12.Rxb4 c5 13.Ncb5 cxb4 14.Nc7 Qc8 15.Nxa8 Qxc4
16.Bb2 Rxa8 17.Qd2 Ne4 18.Bxe4 fxe4 19.Rc1 Qxd5 20.Rc7 Bh3 21.Rxe7 Bf8 {#R}
0-1

[Event "It"]
[Site "masterchessopen.com - Haringey (England)"]
[Round "0"]
[White "Pergericht Daniel (BEL)"]
[Black "Karolyi Tibor Jr (HUN)"]
[Result "0-1"]
[WhiteElo "2285"]
[BlackElo "2346"]

1.d4 f5 2.g3 Nf6 3.Bg2 g6 4.Nf3 Bg7 5.c4 O-O 6.O-O d6 7.Nc3 Qe8 8.b3 e5 9.dxe5
dxe5 10.e4 Nc6 11.Nd5 Qd7 12.Ba3 Rd8 13.exf5 e4 14.fxg6 exf3 15.Bxf3 hxg6
16.Re1 Qf7 17.Nxf6+ Qxf6 18.Bd5+ Kh7 19.Rb1 Bf5 20.Rb2 Bf8 21.Bxf8 Qxb2 22.Be7
Re8 23.Bxc6 bxc6 24.g4 Qg7 {#R} 0-1

[Event "It (open) \"]
[Site "masterchessopen.com - Kecskemet (Hungary)"]
[Round "10"]
[White "Dezan Pierre (FRA)"]
[Black "Videki Sandor (HUN)"]
[Result "1-0"]
[WhiteElo "2147"]
[BlackElo "2441"]

1.Nf3 f5 2.d4 Nf6 3.c4 g6 4.g3 Bg7 5.Bg2 O-O 6.O-O d6 7.Nc3 Qe8 8.d5 c6 9.Rb1
Bd7 10.b4 Na6 11.dxc6 bxc6 12.b5 cxb5 13.cxb5 Nc5 14.Nd4 Rc8 15.Nc6 Rc7 16.Nd5
Nxd5 17.Bxd5+ Kh8 18.a4 Ne4 19.Bb2 Nc3 20.Bxc3 Bxc3 21.Qb3 Bf6 {#r} 1-0

[Event "Ch Armed Forces"]
[Site "masterchessopen.com - Novosibirsk (Russia)"]
[Round "0"]
[White "Baburin Alexander (IRL)"]
[Black "Ronin V (RUS)"]
[Result "1-0"]
[WhiteElo "2535"]
[BlackElo "2285"]

1.d4 f5 2.c4 Nf6 3.g3 g6 4.Bg2 Bg7 5.Nf3 O-O 6.O-O d6 7.Nc3 Qe8 8.b3 e5 9.dxe5
dxe5 10.e4 Nc6 11.Nd5 Nxd5 12.cxd5 Nd4 13.Nxd4 exd4 14.Ba3 Rf7 15.e5 f4 16.e6
Rf5 17.Rc1 c6 18.dxc6 Bxe6 19.cxb7 Rd8 20.Re1 fxg3 21.hxg3 Be5 22.Rc5 Bb8
23.Rxf5 gxf5 24.Qe2 Bf7 25.Qd2 Qd7 26.Re7 {#r} 1-0

[Event "It"]
[Site "masterchessopen.com - Ptuj (Slovenia)"]
[Round "0"]
[White "Jelen Igor (SLO)"]
[Black "Truta Srecko (CRO)"]
[Result "1-0"]
[WhiteElo "2380"]
[BlackElo "2206"]

1.d4 f5 2.c4 Nf6 3.g3 g6 4.Bg2 Bg7 5.Nf3 O-O 6.O-O d6 7.Nc3 Qe8 8.b3 h6 9.Bb2
g5 10.Qc2 f4 11.Rfe1 Qh5 12.e4 Nc6 13.e5 Ng4 14.h3 Nxd4 15.Nxd4 Nxe5 16.g4 Qh4
17.Rxe5 f3 18.Rxe7 fxg2 19.Rxg7+ Kxg7 20.Nd5 Qxh3 21.Ne6+ {#r} 1-0

[Event "It (open) \"]
[Site "masterchessopen.com - Schwabisch Gmund (Germany)"]
[Round "0"]
[White "Willemsen Jos (NED)"]
[Black "Lauterbach Ingrid (ENG)"]
[Result "1-0"]
[WhiteElo "2244"]
[BlackElo "2063"]

1.c4 f5 2.d4 Nf6 3.g3 g6 4.Bg2 Bg7 5.Nf3 c6 6.O-O d6 7.Nc3 Qc7 8.d5 h6 9.Re1
O-O 10.e4 fxe4 11.Nxe4 e5 12.dxe6 Nxe4 13.Rxe4 Qe7 14.Bf4 Rxf4 15.gxf4 Na6
16.Qc2 Nc5 17.Re2 Bxe6 18.Rae1 Qf7 19.Nh4 Bxc4 20.Re7 Bd3 21.Qd2 Qf6 22.b4 Ne4
23.Bxe4 Bxe4 24.R7xe4 d5 25.Re8+ {#r} 1-0

[Event "It"]
[Site "masterchessopen.com - Graz (Austria)"]
[Round "0"]
[White "Vukic Milan (BIH)"]
[Black "Hoelzl Franz (AUT)"]
[Result "0-1"]
[WhiteElo "2411"]
[BlackElo "2336"]

1.Nf3 g6 2.c4 Bg7 3.d4 f5 4.g3 Nf6 5.Bg2 O-O 6.O-O d6 7.Nc3 Qe8 8.d5 Na6 9.Nd4
Bd7 10.e4 c5 11.dxc6 bxc6 12.exf5 gxf5 13.Re1 e5 14.Nb3 Qb8 15.Bg5 h6 16.Bxf6
Rxf6 17.Qd2 Kh8 18.c5 e4 19.f3 Be6 20.cxd6 Bxb3 21.axb3 Nc5 22.fxe4 Nxb3
23.Qd3 Rxd6 24.Qc4 Qb6+ 25.Kh1 Nxa1 26.e5 Rd4 {#R} 0-1

[Event "Ch RLP (juniors) (under 20)"]
[Site "masterchessopen.com - Rheinland-Pfalz (Germany)"]
[Round "7"]
[White "Schluchter Steffen (GER)"]
[Black "Bruehl Andreas (GER)"]
[Result "1-0"]
[WhiteElo "2155"]
[BlackElo "2346"]

1.c4 f5 2.d4 Nf6 3.g3 g6 4.Bg2 Bg7 5.Nf3 O-O 6.O-O d6 7.Nc3 Nbd7 8.e4 fxe4
9.Ng5 Nb6 10.Qb3 d5 11.c5 h6 12.Ngxe4 Nxe4 13.Bxe4 Kh7 14.Bg2 Nd7 15.Qxd5 c6
16.Qc4 b5 17.Qe2 Bxd4 18.Bxh6 Bxf2+ 19.Rxf2 Kxh6 20.Bxc6 Rb8 21.Rd1 Kg7
22.Rxf8 {#r} 1-0

[Event "Staatsliga B"]
[Site "masterchessopen.com - Austria"]
[Round "0"]
[White "Wutte H"]
[Black "Danner Georg (AUT)"]
[Result "0-1"]
[WhiteElo "2010"]
[BlackElo "2340"]

1.d4 f5 2.c4 Nf6 3.g3 g6 4.Bg2 Bg7 5.Nf3 d6 6.O-O O-O 7.Nc3 Na6 8.Bf4 c5 9.d5
Nc7 10.Qd2 Re8 11.Rfe1 Rb8 12.a4 a6 13.a5 b5 14.axb6 Rxb6 15.Rab1 e5 16.dxe6
Nxe6 17.Bh6 Ne4 18.Nxe4 fxe4 19.Nh4 Bxh6 20.Qxh6 Nd4 21.f3 g5 {#R} 0-1

[Event "It (open) \"]
[Site "masterchessopen.com - Buenos Aires (Argentina)"]
[Round "6"]
[White "Arrieta Hector (ARG)"]
[Black "Filgueira Hernan (ARG)"]
[Result "1-0"]
[WhiteElo "2105"]
[BlackElo "2308"]

1.d4 f5 2.c4 Nf6 3.Nf3 g6 4.g3 Bg7 5.Bg2 O-O 6.O-O d6 7.b3 c6 8.Bb2 Kh8 9.Nc3
Na6 10.Rc1 Nc7 11.Qc2 h6 12.Ne1 Qe8 13.e4 fxe4 14.Nxe4 Bf5 15.Nxf6 exf6 16.Qd2
g5 17.Nc2 Qd7 18.Rfe1 Bh7 19.Re2 f5 20.Rce1 Rf7 21.f4 Bf6 22.Nb4 gxf4 23.d5
Bxb2 24.Qxb2+ Kg8 25.dxc6 bxc6 26.Bxc6 {#r} 1-0

[Event "Ch France (team)"]
[Site "masterchessopen.com - France"]
[Round "0"]
[White "Jachym Marc (FRA)"]
[Black "Kappler Jean-Marie (FRA)"]
[Result "1-0"]
[WhiteElo "2240"]
[BlackElo "2220"]

1.Nf3 f5 2.c4 Nf6 3.d4 g6 4.g3 Bg7 5.Bg2 O-O 6.O-O d6 7.d5 Na6 8.Nc3 Qe8 9.Re1
h6 10.e4 Nxe4 11.Nxe4 fxe4 12.Rxe4 Bf5 13.Re1 Nb4 14.Nh4 Nc2 15.Nxf5 Nxe1
16.Nxg7 Qf7 17.Qxe1 Qxg7 18.Bd2 Qxb2 19.Bc3 Qc2 20.Be4 Qa4 21.Bxg6 Qd7 22.Qe3
{#r} 1-0

[Event "It \"]
[Site "masterchessopen.com - Kuopio (Finland)"]
[Round "4"]
[White "Raivio Yrjo (FIN)"]
[Black "Yrjola Jouni (FIN)"]
[Result "0-1"]
[WhiteElo "2067"]
[BlackElo "2460"]

1.d4 f5 2.c4 Nf6 3.g3 g6 4.Bg2 Bg7 5.Nf3 O-O 6.Nc3 d6 7.O-O Qe8 8.Bg5 e5
9.dxe5 dxe5 10.Bxf6 Bxf6 11.e4 Nc6 12.Nd5 Qf7 13.Nd2 f4 14.g4 Bg7 15.f3 Nd4
16.b4 c6 17.Nc3 Be6 18.c5 Rfd8 19.Rf2 a5 20.a3 Bf6 21.Bf1 Bh4 22.Rg2 axb4
23.axb4 Rxa1 24.Qxa1 Nc2 25.Qc1 Ne1 26.Na4 {#R} 0-1

[Event "It (open)"]
[Site "masterchessopen.com - Oberwart (Austria)"]
[Round "6"]
[White "Danner Georg (AUT)"]
[Black "Maly Martin (AUT)"]
[Result "1-0"]
[WhiteElo "2340"]
[BlackElo "2150"]

1.d4 f5 2.Nf3 Nf6 3.c4 g6 4.g3 Bg7 5.Bg2 O-O 6.O-O d6 7.Nc3 Qe8 8.b3 Na6 9.Ba3
c6 10.Qd3 Rb8 11.e4 b5 12.e5 b4 13.exf6 Bxf6 14.Bb2 bxc3 15.Bxc3 Qf7 16.Rae1
Qg7 17.Re2 g5 18.Ne5 Nb4 19.Bxb4 dxe5 20.dxe5 Rxb4 21.Bxc6 Kh8 22.Rfe1 Rb6
23.Bg2 f4 24.exf6 Qxf6 25.Rxe7 Bf5 26.Qe2 {#r} 1-0

[Event "Ch Oberschwaben (b)"]
[Site "masterchessopen.com - Baden-Wuerttemberg (Germany)"]
[Round "5"]
[White "Zielke R"]
[Black "Teubner Wolfgang (GER)"]
[Result "0-1"]
[WhiteElo "1820"]
[BlackElo "1928"]

1.d4 f5 2.Nf3 Nf6 3.g3 g6 4.Bg2 Bg7 5.c4 O-O 6.Nc3 d5 7.cxd5 Nxd5 8.Nxd5 Qxd5
9.O-O Nc6 10.e3 Qd6 11.Bd2 Rd8 12.Qc2 Bf6 13.Rfd1 Be6 14.Bc3 Bd5 15.Qe2 Rab8
16.a3 b5 17.b4 Kg7 18.Bb2 a5 19.bxa5 Nxa5 20.Bc3 Nc4 21.Bb4 Qe6 22.Rdc1 Rd7
23.Ne1 Bxg2 24.Kxg2 Bxd4 25.Rab1 c5 {#R} 0-1

[Event "Ch Aragon"]
[Site "masterchessopen.com - Aragon (Spain)"]
[Round "6"]
[White "Aparicio Navarro Pedro (ESP)"]
[Black "Cebrian Valverde Jose A (ESP)"]
[Result "0-1"]
[WhiteElo "2181"]
[BlackElo "2142"]

1.d4 f5 2.g3 Nf6 3.Bg2 g6 4.c4 Bg7 5.Nf3 O-O 6.O-O d6 7.Nc3 Qe8 8.d5 a5 9.Nd4
Na6 10.b3 Bd7 11.Bb2 g5 12.Qc2 Ng4 13.Rad1 f4 14.h3 Ne5 15.Rfe1 fxg3 16.fxg3
Qh5 17.g4 Bxg4 18.hxg4 Nxg4 19.Nf3 Be5 20.e3 Bh2+ 21.Kh1 Nf2+ 22.Qxf2 Bg3+
23.Kg1 Bxf2+ 24.Kxf2 Rxf3+ 25.Bxf3 Rf8 {#R} 0-1

[Event "It (open)"]
[Site "masterchessopen.com - Harkany (Hungary)"]
[Round "0"]
[White "Izsak Gyula (HUN)"]
[Black "Horvath Jozsef M (HUN)"]
[Result "1-0"]
[WhiteElo "2400"]
[BlackElo "2104"]

1.d4 f5 2.Nf3 Nf6 3.c4 g6 4.g3 Bg7 5.Bg2 O-O 6.Nc3 d6 7.O-O Qe8 8.d5 Bd7 9.Nd4
c6 10.Qb3 Qc8 11.c5 Kh8 12.cxd6 exd6 13.Bf4 Ne8 14.Rfd1 Na6 15.dxc6 bxc6
16.Qa3 Rf6 17.Rac1 Bf8 18.Nd5 Rf7 19.Nxc6 Bxc6 20.Qc3+ Bg7 21.Qxc6 Qxc6
22.Rxc6 Nc5 23.Nc3 Rb8 24.Rxc5 {#r} 1-0

[Event "Ch Hungary (juniors)"]
[Site "masterchessopen.com - Hungary"]
[Round "0"]
[White "Karkus Anna (HUN)"]
[Black "Hera Imre Jr (HUN)"]
[Result "0-1"]
[WhiteElo "2026"]
[BlackElo "2533"]

1.d4 f5 2.c4 Nf6 3.Nf3 g6 4.g3 Bg7 5.Bg2 O-O 6.Nc3 d6 7.Bg5 c6 8.Qd2 Re8
9.O-O-O Qa5 10.a3 Be6 11.Bxf6 Bxf6 12.d5 Bd7 13.e4 b5 14.exf5 Bxf5 15.dxc6
Nxc6 16.cxb5 Nb4 17.Nd5 Na2# 0-1

[Event "It (cat.4) \"]
[Site "masterchessopen.com - Prague (Czech Republic)"]
[Round "8"]
[White "Meduna Eduard (CZE)"]
[Black "Beuchler Holger (GER)"]
[Result "1-0"]
[WhiteElo "2485"]
[BlackElo "2153"]

1.d4 f5 2.Nf3 Nf6 3.g3 g6 4.Bg2 Bg7 5.c4 d6 6.Nc3 O-O 7.d5 Na6 8.O-O Qe8 9.Nd4
Bd7 10.Rb1 c6 11.e4 fxe4 12.Nxe4 Nxe4 13.Bxe4 Nc5 14.Bg2 cxd5 15.cxd5 Qf7
16.Be3 Rac8 17.Qd2 Bf5 18.Nxf5 Qxf5 19.Rbc1 Nd3 20.Rxc8 Rxc8 21.g4 {#r} 1-0

[Event "Ch Slovakia (team) 1993/94 (2 liga) (b)"]
[Site "masterchessopen.com - Slovakia"]
[Round "7"]
[White "Vagovsky Jozef (SVK)"]
[Black "Malar Pavol (SVK)"]
[Result "0-1"]
[WhiteElo "1991"]
[BlackElo "2102"]

1.d4 f5 2.Nf3 g6 3.g3 Bg7 4.Bg2 Nf6 5.c4 O-O 6.O-O d6 7.Nc3 Qe8 8.d5 a5 9.Qc2
Na6 10.Be3 Bd7 11.Rac1 c6 12.Bd4 c5 13.Be3 b5 14.b3 b4 15.Nd1 a4 16.Nb2 Ne4
17.Nd2 Nc3 18.Rce1 Nc7 19.Bf4 axb3 20.axb3 Ra2 21.Qc1 Rxb2 {#R} 0-1

[Event "It (open)"]
[Site "masterchessopen.com - Wiesbaden (Germany)"]
[Round "6"]
[White "Grabarczyk Miroslaw (POL)"]
[Black "Meier Wolfgang (GER)"]
[Result "1-0"]
[WhiteElo "2435"]
[BlackElo "2194"]

1.d4 f5 2.c4 Nf6 3.g3 g6 4.Bg2 Bg7 5.Nf3 d6 6.O-O O-O 7.Nc3 Qe8 8.d5 e5 9.dxe6
Bxe6 10.Nd4 Nc6 11.Nxe6 Qxe6 12.Bd5 {#r} 1-0

[Event "It (open)"]
[Site "masterchessopen.com - Bucharest (Romania)"]
[Round "0"]
[White "Ghitescu Theodor (ROM)"]
[Black "Lutu Manuel Catalin (ROM)"]
[Result "1-0"]
[WhiteElo "2400"]
[BlackElo "2286"]

1.d4 f5 2.Nf3 Nf6 3.g3 g6 4.Bg2 Bg7 5.c4 d6 6.Nc3 O-O 7.O-O Qe8 8.b3 c6 9.Ba3
Na6 10.Rc1 Bd7 11.e3 Rc8 12.d5 c5 13.Nd2 Nc7 14.Qe2 b5 15.cxb5 Nxb5 16.Bb2
Nxc3 17.Bxc3 Bb5 18.Nc4 Qf7 19.Rcd1 Ng4 20.Bxg7 Qxg7 21.e4 Bd7 22.exf5 Bxf5
23.a3 Nf6 24.Rde1 Rce8 25.Qd2 g5 {#r} 1-0

[Event "Olympiad (under 16)"]
[Site "masterchessopen.com - Canary Islands (Spain)"]
[Round "0"]
[White "Johannessen Leif Erlend (NOR)"]
[Black "Markus Robert (SRB)"]
[Result "1-0"]
[WhiteElo "2205"]
[BlackElo "2235"]

1.d4 f5 2.c4 Nf6 3.g3 g6 4.Bg2 Bg7 5.Nf3 O-O 6.O-O d6 7.Nc3 Nbd7 8.Ng5 Nb8
9.d5 h6 10.Nf3 Nbd7 11.Nh4 Qe8 12.Nb5 {#r} 1-0

[Event "It (open)"]
[Site "masterchessopen.com - Gyongyos (Hungary)"]
[Round "0"]
[White "Berebora Ferenc (HUN)"]
[Black "Szabo Zsolt Jozsef (HUN)"]
[Result "1-0"]
[WhiteElo "2400"]
[BlackElo "2295"]

1.d4 f5 2.g3 Nf6 3.Bg2 g6 4.c4 Bg7 5.Nf3 O-O 6.O-O d6 7.Nc3 Qe8 8.d5 Na6 9.Rb1
c5 10.a3 Bd7 11.b4 b6 12.e4 Ng4 13.Qb3 Qf7 14.h3 Ne5 15.Ng5 Qf6 16.exf5 Qxf5
17.Nce4 h5 18.Bb2 b5 19.Bxe5 Bxe5 20.h4 Rfd8 21.Bh3 Qf8 22.Bxd7 Rxd7 23.cxb5
c4 24.Qa4 Nb8 25.Rbc1 Qc8 26.Qc2 {#r} 1-0

[Event "Ch Poland (team) (juniors) (under 18) (2nd liga)"]
[Site "masterchessopen.com - Augustow (Poland)"]
[Round "0"]
[White "Zuk Robert D (CAN)"]
[Black "Porebski Lukasz (POL)"]
[Result "0-1"]
[WhiteElo "2270"]
[BlackElo "2095"]

1.d4 f5 2.c4 Nf6 3.g3 g6 4.Bg2 Bg7 5.Nf3 O-O 6.O-O d6 7.Nc3 Qe8 8.Re1 Na6 9.a3
c5 10.d5 Bd7 11.e4 Nxe4 12.Nxe4 fxe4 13.Rxe4 Qf7 14.Qe1 Rfe8 15.Ng5 Qf8 16.Ne6
Bxe6 17.Rxe6 Nc7 18.Re2 b5 19.Bh3 Rab8 20.cxb5 Nxb5 21.Bd7 Nd4 22.Bxe8 Nf3+
{#R} 0-1

[Event "It (open)"]
[Site "masterchessopen.com - Buenos Aires (Argentina)"]
[Round "0"]
[White "Urday Henry (PER)"]
[Black "Alonso Salvador (ARG)"]
[Result "1-0"]
[WhiteElo "2450"]
[BlackElo "2300"]

1.d4 f5 2.g3 Nf6 3.Bg2 g6 4.c4 Bg7 5.Nf3 O-O 6.O-O d6 7.d5 Qe8 8.Nd4 c6 9.Nc3
e5 10.dxe6 Bxe6 11.Ncb5 cxb5 12.Bxb7 Bxc4 13.Bxa8 Ng4 14.Bf4 g5 15.Bxg5 Nd7
16.Bg2 Qh5 17.h4 Be5 18.b3 h6 19.Bf4 Bxf4 20.bxc4 Be5 21.e3 f4 22.exf4 Rxf4
23.gxf4 Bxf4 24.Nf3 {#r} 1-0

[Event "It (open)"]
[Site "masterchessopen.com - Finkenstein (Austria)"]
[Round "2"]
[White "Krizsany Laszlo (HUN)"]
[Black "Klavcic Klemen (SLO)"]
[Result "1-0"]
[WhiteElo "2455"]
[BlackElo "2030"]

1.d4 g6 2.c4 f5 3.g3 Nf6 4.Bg2 Bg7 5.Nf3 O-O 6.O-O d6 7.Nc3 Qe8 8.d5 Na6 9.Rb1
e5 10.dxe6 Nc5 11.Nd4 Nxe6 12.Nxe6 Qxe6 13.b3 Kh8 14.Bb2 a6 15.Qd2 Rb8 16.Rfe1
Qf7 17.Rbd1 Ng4 18.f4 g5 19.fxg5 f4 20.gxf4 Qh5 21.h3 Nf2 22.Kxf2 Qh4+ 23.Kg1
Bxh3 24.e3 Bg4 25.Nd5 {#r} 1-0

[Event "It (open)"]
[Site "masterchessopen.com - Goetzis (Austria)"]
[Round "5"]
[White "Mosser Franz"]
[Black "Mutzner Andreas (SUI)"]
[Result "0-1"]
[WhiteElo "1630"]
[BlackElo "2113"]

1.d4 f5 2.Nf3 Nf6 3.c4 g6 4.g3 Bg7 5.Bg2 O-O 6.O-O d6 7.Qc2 Qe8 8.Nc3 e5
9.dxe5 dxe5 10.e4 Nxe4 11.Nxe4 fxe4 12.Qxe4 Nc6 13.a3 Kh8 14.Re1 Bf5 15.Qe3
Rd8 16.Qc5 e4 17.Ng5 Bd4 18.Qb5 h6 19.Nxe4 Bxe4 20.Rxe4 Bxf2+ 21.Kh1 Rd1+ {#R}
0-1

[Event "It \"]
[Site "masterchessopen.com - Jyvaskyla (Finland)"]
[Round "9"]
[White "Raisa Unto (FIN)"]
[Black "Simola Tuomas (FIN)"]
[Result "1-0"]
[WhiteElo "2130"]
[BlackElo "2092"]

1.d4 f5 2.Nf3 Nf6 3.g3 g6 4.Bg2 Bg7 5.c4 O-O 6.Nc3 d6 7.O-O a5 8.b3 Qe8 9.Bb2
c6 10.Na4 Nbd7 11.d5 c5 12.Ng5 Rb8 13.Ne6 Rf7 14.Nxg7 Rxg7 15.Nc3 b6 16.f4 Rf7
17.Qd2 Ba6 18.a4 Qf8 19.h3 Qh6 20.Rfe1 Kf8 21.e4 fxe4 22.g4 Qg7 23.Nxe4 Qg8
24.Ng5 {#r} 1-0

[Event "It (open) \"]
[Site "masterchessopen.com - Miskolc (Hungary)"]
[Round "8"]
[White "Kerek Csaba (HUN)"]
[Black "Szeberenyi Adam (HUN)"]
[Result "0-1"]
[WhiteElo "2190"]
[BlackElo "2130"]

1.d4 f5 2.Nf3 Nf6 3.c4 g6 4.g3 Bg7 5.Bg2 O-O 6.O-O d6 7.Nc3 Qe8 8.d5 Na6 9.Nd4
Bd7 10.Rb1 c6 11.dxc6 bxc6 12.b4 Rb8 13.Qa4 Nxb4 14.Rxb4 Rxb4 15.Qxb4 c5
16.Qb7 cxd4 17.Nd5 Nxd5 18.Bxd5+ e6 19.Bg2 Rf7 20.Ba3 Bf8 21.Qxa7 Bc6 22.Qxd4
Bxg2 23.Kxg2 Qa8+ {#R} 0-1

[Event "It (open)"]
[Site "masterchessopen.com - Mondariz (Spain)"]
[Round "0"]
[White "Gonzalez Garcia Jose (MEX)"]
[Black "Fernandez Siles Luis (ESP)"]
[Result "1-0"]
[WhiteElo "2460"]
[BlackElo "2260"]

1.d4 f5 2.g3 Nf6 3.Bg2 g6 4.Nf3 Bg7 5.c4 O-O 6.O-O d6 7.Nc3 Qe8 8.d5 Na6 9.Ne1
Bd7 10.Nd3 c6 11.Qb3 Rb8 12.c5 Kh8 13.dxc6 Bxc6 14.Bxc6 Qxc6 15.cxd6 exd6
16.Bf4 Ne4 17.Nxe4 fxe4 18.Nb4 Qd7 19.Rad1 Nxb4 20.Bxd6 Rf6 21.Bxb8 Qe7 22.Bd6
Rxd6 23.Qxb4 {#r} 1-0

[Event "Cup Russia (open)"]
[Site "masterchessopen.com - Moscow (Russia)"]
[Round "8"]
[White "Feoktistov Alexey A (RUS)"]
[Black "Cherniaev Alexander (RUS)"]
[Result "1-0"]
[WhiteElo "2290"]
[BlackElo "2278"]

1.d4 f5 2.c4 Nf6 3.g3 g6 4.Bg2 Bg7 5.Nf3 O-O 6.O-O d6 7.Nc3 Na6 8.d5 Nc5 9.Nd4
a5 10.b3 Bd7 11.Bb2 Qe8 12.a3 Ng4 13.Ncb5 Na6 14.h3 Nh6 15.Qd2 c6 16.Nc3 Rc8
17.Na4 e5 18.dxe6 Bxe6 19.Qxa5 f4 20.g4 Nf7 21.Rad1 Be5 22.Qb6 Rb8 23.Nf3 Nc5
24.Nxe5 Nxa4 25.Nxf7 {#r} 1-0

[Event "It (cat.4)"]
[Site "masterchessopen.com - Sheffield (England)"]
[Round "6"]
[White "Whiteley Andrew J (ENG)"]
[Black "Strange Mikkel (DEN)"]
[Result "1-0"]
[WhiteElo "2255"]
[BlackElo "2245"]

1.d4 f5 2.Nf3 Nf6 3.g3 g6 4.Bg2 Bg7 5.c4 O-O 6.Nc3 d6 7.d5 Na6 8.O-O e5 9.dxe6
c6 10.Bf4 Ne8 11.Qd2 Bxe6 12.b3 Qa5 13.Rac1 Rd8 14.Rfd1 Nc5 15.h4 Bc8 16.Nd4
Nc7 17.Bg5 Bxd4 18.Bxd8 Bxc3 19.Qxd6 N5e6 20.Bxc7 Nxc7 21.Rxc3 Ne6 22.Qd2 f4
{#r} 1-0

[Event "Memorial V.Syre (open)"]
[Site "masterchessopen.com - Issy Les Moulineaux (France)"]
[Round "3"]
[White "Vuillerme Francois (FRA)"]
[Black "Cairou Yannick (FRA)"]
[Result "1-0"]
[WhiteElo "1939"]
[BlackElo "2095"]

1.Nf3 f5 2.d4 Nf6 3.g3 g6 4.Bg2 Bg7 5.c4 O-O 6.O-O d6 7.Nc3 Qe8 8.d5 Na6 9.Nd4
h6 10.h4 Kh8 11.Rb1 e5 12.dxe6 c6 13.Bf4 Qe7 14.Bf3 Nh7 15.e4 fxe4 16.Nxe4
Rxf4 17.gxf4 Nc5 18.Re1 Nf6 19.Ng3 Ne8 20.b4 Na6 21.b5 cxb5 22.Nxb5 Nc5 23.Qc2
Qf6 24.Qd2 Nxe6 25.Nxd6 Nxd6 26.Qxd6 {#r} 1-0